000 00731nam a2200241 a 4500
999 _c11598
_d11598
001 11598
003 BD-JhCC
005 20200705085046.0
008 200705b2020 bg a|||| ||a| 000 0 ben d
020 _a9789845100618
035 _a(BD-JhCC)11598
040 _aBD-JhCC
_dBD-JhCC
041 _aben
082 _a796.0922
_bBAB 2020
100 _aবাবলা, সনৎ
245 _aশেখ কামাল:
_bক্রীড়াঙ্গনের ধূমকেতু /
_c সনৎ বাবলা ।
260 _aঢাকা:
_bকথাপ্রকাশ;
_c২০২০.
300 _a111 p. :
_bill;
_c22 cm.
650 _aSports Man
_vBiography
650 _aAthletes
942 _2ddc
_cBK